|
|
|
|
| LEADER |
00000nab a2200000 a 4500 |
| 001 |
vtls011100269 |
| 003 |
SK-MaSNL |
| 005 |
20260303221902.0 |
| 008 |
230222|2012 xo |||||||||||||||||eng| |
| 015 |
|
|
|a SNBRB
|
| 035 |
|
|
|a (uuid)68076c01-e66b-4c67-8f69-f89c575fa9b1
|
| 035 |
|
|
|a (urnnbn)urn:nbn:sk:snk:ar-006wro
|
| 035 |
|
|
|a urn:nbn:sk:snk-ab95i6
|
| 040 |
|
|
|a SNKBUCL
|b slo
|c SNKBUCL
|e AACR2
|
| 041 |
0 |
|
|a eng
|
| 044 |
|
|
|a xo
|c SK
|
| 100 |
1 |
|
|a Uhrin, Marcel,
|d 1966-
|4 aut
|9 76927
|
| 245 |
1 |
0 |
|a Bibliography on birds of prey and owls in Slovakia. Part 5. General references and supplements to previous parts
|c Marcel Uhrin, Štefan Danko, Hana Latková
|
| 246 |
3 |
|
|a Bibliografia dravcov a sov Slovenska. Časť 5. Všeobecná literatúra a doplnky k predchádzajúcim častiam
|
| 700 |
1 |
|
|a Danko, Štefan
|4 aut
|9 337199
|
| 700 |
1 |
|
|a Latková, Hana
|4 aut
|9 696354
|
| 773 |
0 |
|
|t Slovak raptor journal : journal of Raptor protection of Slovakia (RPS)
|g Roč. 6, č. 1 (2012), s. 45-77
|
| 958 |
|
|
|a OND
|
| 958 |
|
|
|a EUIPO
|
| 958 |
|
|
|a article13
|
| 999 |
|
|
|c 2236767
|d 2238697
|